|
|
|
|
| LEADER |
01485nam a2200373Ia 4500 |
| 001 |
EBC647714 |
| 003 |
MiAaPQ |
| 005 |
20200520144314.0 |
| 006 |
m o d | |
| 007 |
cr cn||||||||| |
| 008 |
850411s2010 enka sb 000 0 eng d |
| 020 |
|
|
|z 9780857246578
|
| 020 |
|
|
|z 9780857246585
|
| 035 |
|
|
|a (MiAaPQ)EBC647714
|
| 035 |
|
|
|a (Au-PeEL)EBL647714
|
| 035 |
|
|
|a (CaPaEBR)ebr10440354
|
| 035 |
|
|
|a (CaONFJC)MIL298732
|
| 035 |
|
|
|a (OCoLC)700706420
|
| 040 |
|
|
|a MiAaPQ
|c MiAaPQ
|d MiAaPQ
|
| 050 |
|
4 |
|a HF5410
|b .M36287 2010
|
| 245 |
0 |
0 |
|a Marketing intelligence & planning.
|n Volume 28, Number 7,
|p Educating tomorrow's marketers
|h [electronic resource] /
|c guest editor, Ross Brennan.
|
| 246 |
3 |
|
|a Marketing intelligence & planning.
|n Volume 28, Number 7,
|p Educating tomorrow's marketers
|
| 260 |
|
|
|a [Bingley, UK] :
|b Emerald,
|c 2010.
|
| 300 |
|
|
|a p. 808-943 :
|b ill.
|
| 490 |
1 |
|
|a Marketing intelligence & planning ;
|v vol. 28, no. 7
|
| 504 |
|
|
|a Includes bibliographical references.
|
| 533 |
|
|
|a Electronic reproduction. Ann Arbor, MI : ProQuest, 2015. Available via World Wide Web. Access may be limited to ProQuest affiliated libraries.
|
| 650 |
|
0 |
|a Marketing research.
|
| 650 |
|
0 |
|a Marketing.
|
| 655 |
|
4 |
|a Electronic books.
|
| 700 |
1 |
|
|a Brennan, Ross,
|d 1957-
|
| 710 |
2 |
|
|a ProQuest (Firm)
|
| 830 |
|
0 |
|a Marketing intelligence & planning ;
|v v. 28, no. 7.
|
| 856 |
4 |
0 |
|u https://ebookcentral.proquest.com/lib/matrademy/detail.action?docID=647714
|z Click to View
|